| 000 | 00873nam a22002297a 4500 | ||
|---|---|---|---|
| 005 | 20170221111910.0 | ||
| 010 | _a1617EN ENG-117223 | ||
| 020 |
_a9788132109488 _c525.00 |
||
| 035 | _aB-654263-273 | ||
| 035 | _aEN-100755 | ||
| 037 | _bTechniz | ||
| 037 | _bDBAD/PUB | ||
| 082 | _a351 | ||
| 100 | _aChakrabarty, Bidyut | ||
| 245 |
_aPublic Administration in a globalizing world: _btheories and practices / _cby Bidyut Chakrabarty [and] Prakash Chand |
||
| 250 | _a7th impression | ||
| 260 |
_aNew Delhi _bSAGE Pub. _c2016 |
||
| 270 |
_aBI/I-1 Mohan Cooperative Ind. Area Mathura Road, _bNew Delhi _e110044 |
||
| 300 |
_a547p. _b21cm(pbk) |
||
| 942 |
_2ddc _cEN _mCHA _h351 |
||
| 999 |
_c79546 _d79546 |
||